LEADER 01181nam0 2200313 i 450 001 SUN0132817 005 20210412124404.306 010 $d0.00 017 70$2N$a978-3-319-01961-1 100 $a20210326d2014 |0engc50 ba 101 $aeng 102 $aCH 105 $a|||| ||||| 200 1 $a*Alien Encounter$eA Scientific Novel$fDirk Schulze-Makuch 205 $a2. ed 210 $aCham$cSpringer$d2014 215 $a236 p.$d24 cm 410 1$1001SUN0112268$12001 $a*Science and Fiction$1210 $aCham$cSpringer. 606 $a85-XX$xAstronomy and Astrophysics [MSC 2020]$2MF$3SUNC023246 606 $a00-XX$xGeneral and overarching topics; collections [MSC 2020]$2MF$3SUNC025238 620 $aCH$dCham$3SUNL001889 700 1$aSchulze-Makuch$b, Dirk$3SUNV106640$0791376 712 $aSpringer$3SUNV000178$4650 801 $aIT$bSOL$c20210503$gRICA 856 4 $uhttp://doi.org/10.1007/978-3-319-01961-1 912 $aSUN0132817 950 $aUFFICIO DI BIBLIOTECA DEL DIPARTIMENTO DI MATEMATICA E FISICA$d08CONS e-book 2005 $e08eMF2005 20210326 996 $aAlien Encounter$91768761 997 $aUNICAMPANIA LEADER 03331oas 2201213 a 450 001 9910329458803321 005 20251106213014.0 011 $a1520-6343 035 $a(DE-599)ZDB2001231-7 035 $a(DE-599)2001231-7 035 $a(OCoLC)43974369 035 $a(CONSER) 2001212233 035 $a(CKB)954925604787 035 $a(EXLCZ)99954925604787 100 $a20000503b19951999 sy a 101 0 $aeng 135 $aurmnu|||||||| 181 $ctxt$2rdacontent 182 $cc$2rdamedia 183 $acr$2rdacarrier 200 10$aBiospectroscopy 210 $a[New York, N.Y.] $cWiley Periodicals, Inc.$d©1995-©1999 215 $a1 online resource 300 $aRefereed/Peer-reviewed 300 $aTitle from table of contents screen (Wiley InterScience, viewed: Feb. 8, 2006). 311 08$a1075-4261 517 1 $aBiopolymers.$eBiospectroscopy 531 0 $aBiospectroscopy 606 $aSpectrum analysis$vPeriodicals 606 $aBiomolecules$xAnalysis$vPeriodicals 606 $aMolecular biology$vPeriodicals 606 $aSpectrum analysis$vPeriodicals 606 $aMolecular Biology 606 $aSpectrum Analysis 606 $aSpectroscopie$vPe?riodiques 606 $aBiomole?cules$xAnalyse$vPe?riodiques 606 $aBiologie mole?culaire$xPe?riodiques 606 $aAnalyse spectrale$xPe?riodiques 606 $aMolecular biology$2fast$3(OCoLC)fst01024734 606 $aBiomolecules$xAnalysis$2fast$3(OCoLC)fst00832625 606 $aSpectrum analysis$2fast$3(OCoLC)fst01129108 606 $aBiologie$2gnd 606 $aSpektroskopie$2gnd 606 $aZeitschrift$2gnd 606 $aOnline-Ressource$2gnd 606 $aEspectroscòpia$2thub 606 $aBiomolècules$2thub 608 $aPeriodical. 608 $aPeriodicals.$2fast 608 $aPeriodicals.$2lcgft 608 $aRevistes electròniques.$2thub 615 0$aSpectrum analysis 615 0$aBiomolecules$xAnalysis 615 0$aMolecular biology 615 0$aSpectrum analysis 615 2$aMolecular Biology. 615 2$aSpectrum Analysis. 615 6$aSpectroscopie 615 6$aBiomole?cules$xAnalyse 615 6$aBiologie mole?culaire$xPe?riodiques. 615 6$aAnalyse spectrale$xPe?riodiques. 615 7$aMolecular biology. 615 7$aBiomolecules$xAnalysis. 615 7$aSpectrum analysis. 615 7$aBiologie 615 7$aSpektroskopie 615 7$aZeitschrift. 615 7$aOnline-Ressource 615 7$aEspectroscòpia. 615 7$aBiomolècules. 676 $a574 $2 13 801 0$bOH1 801 1$bOH1 801 2$bNSD 801 2$bTJC 801 2$bOCLCQ 801 2$bOCL 801 2$bIUL 801 2$bU9S 801 2$bOCLCQ 801 2$bOCLCF 801 2$bOCLCQ 801 2$bOCLCO 801 2$bVT2 801 2$bOCLCO 801 2$bOCLCQ 801 2$bDEFHM 801 2$bOCLCO 801 2$bOCLCA 801 2$bBUF 801 2$bOCLCQ 801 2$bSFB 801 2$bOCLCO 801 2$bOCLCA 801 2$bOCLCO 801 2$bOCL 801 2$bUBY 801 2$bOCLCQ 801 2$bAUD 801 2$bOCLCQ 906 $aJOURNAL 912 $a9910329458803321 996 $aBiospectroscopy$92027336 997 $aUNINA